El pensamiento de O'Higgins
Сохранить в:
| Главный автор: | |
|---|---|
| Формат: | |
| Язык: | испанский |
| Опубликовано: |
Santiago, Chile:
Pacífico,
1974.
|
| Редактирование: | Primera edición. |
| Серии: | Pluma y la Espada.
|
| Предметы: | |
| Метки: |
Добавить метку
Нет меток, Требуется 1-ая метка записи!
|
MARC
| LEADER | 00000nam a2200000 a 4500 | ||
|---|---|---|---|
| 001 | UCP8332 | ||
| 003 | CL-VaPUC | ||
| 005 | 20230615074427.0 | ||
| 008 | 000114e19740000CL |||||||||||||||||spa|d | ||
| 999 | |c 285264 |d 285262 | ||
| 040 | |c Pontificia Universidad Católica de Valparaíso | ||
| 082 | 0 | 4 | |a 923.1 VAL 1974 |2 21 |
| 100 | 0 | |a Valencia Avaria, Luis |e autor |9 438253 | |
| 245 | 1 | 3 | |a El pensamiento de O'Higgins |
| 250 | |a Primera edición. | ||
| 260 | |a Santiago, Chile: |b Pacífico, |c 1974. | ||
| 300 | |a 208 páginas. | ||
| 490 | 0 | |a Pluma y la Espada. | |
| 500 | |a c.3 Donación Familia Prof. Alejandro Guzmán Brito. | ||
| 583 | |a last modification |c 20000114 00:00:00 |k Rodrigo Vera | ||
| 600 | 0 | |a O'higgins Riquelme, Bernardo |9 317764 | |
| 650 | 0 | |a Personalidad |9 307255 | |
| 650 | 0 | |a Pensamiento |9 307612 | |
| 650 | 0 | |a Ideologías |9 255200 | |
| 650 | 7 | |a IDEAS |2 CL-VaPUC |9 438254 | |
| 651 | 7 | |a CHILE |2 CL-VaPUC |9 438255 | |
| 942 | |c BK |2 ddc |n 0 | ||
| 945 | |d 20000114 00:00:00 |a rherrera | ||
| 952 | |0 0 |1 0 |4 0 |6 923_100000000000000_VAL_1974 |7 0 |8 A |9 329732 |a BIBHIS |b BIBHIS |d 2019-11-20 |i 1375822 |o 923.1 VAL 1974 |p 1375822 |r 2025-01-20 |w 2019-11-20 |y BK |k HIS | ||
| 952 | |0 0 |1 0 |4 0 |6 923_100000000000000_VAL_1974 |7 0 |8 A |9 329733 |a BIBHIS |b BIBHIS |d 2019-11-20 |i 4722701 |o 923.1 VAL 1974 |p 4722701 |r 2025-01-20 |w 2019-11-20 |y BK |k HIS | ||